| 000 | 00517nam a2200181Ia 4500 | ||
|---|---|---|---|
| 003 | GCL | ||
| 008 | 140319s9999 xx 000 0 ara d | ||
| 040 |
_aGCL / _cGCL |
||
| 082 | 0 | 4 |
_a813.01 _bف س |
| 100 | 1 | _aفؤاد حجازى | |
| 245 | 1 | 0 |
_aسجناء لكل العصور / _cفؤاد حجازى |
| 300 | _a69 ص | ||
| 490 |
_aادب الجماهير _v0 |
||
| 650 | 0 | 4 | _aالادب العربى |
| 650 | 0 | 4 | _aالقصص العربية |
| 650 | 0 | 4 | _aالقصص العربية القصيرة |
| 942 |
_2ddc _cBK |
||
| 999 |
_c40360 _d40360 |
||